América Latina en la postguerra fría : tendencias y alternativas /

Se revisa la situación y posibilidades de Latinoamérica en el nuevo orden político y económico mundial, especialmente centrado en la integración económica y las alternativas al neoliberalismo.

Guardat en:
Dades bibliogràfiques
Autor principal: Preciado Coronado, Jaime Antonio (autor)
Altres autors: Estay Reyno, Jaime (autor) (autor), Saxe-Fernández, John (autor) (autor)
Format: Llibre
Idioma:espanyol
Publicat: Guadalajara, México : Universidad de Guadalajara, 1997, c1997
Col·lecció:(Estado, Cultura y Sociedad)
Matèries:
Etiquetes: Afegir etiqueta
Sense etiquetes, Sigues el primer a etiquetar aquest registre!

MARC

LEADER 00000nam^a2200000^a^4500
001 000051827
005 20250521000000.0
009 20260310090334.908
020 |a 968-895-739-9 
037 |a Acervo ITESO - Biblioteca 
041 |a ESP 
082 |a 330. 98  |b PRE 
100 |a Preciado Coronado, Jaime Antonio  |e (autor) 
245 1 0 |a América Latina en la postguerra fría :  |b tendencias y alternativas /  |c J. Preciado Coronado, Jaime Estay Reyno, John Saxe Fernández. 
264 4 |a Guadalajara, México :  |b Universidad de Guadalajara,  |c 1997, c1997 
300 |a 103 p. 
336 |a texto  |b txt  |2 rdacontenido 
337 |a sin mediación  |b n  |2 rdamedio 
338 |a volumen  |b nc  |2 rdasoporte 
440 1 |a (Estado, Cultura y Sociedad) 
520 |a Se revisa la situación y posibilidades de Latinoamérica en el nuevo orden político y económico mundial, especialmente centrado en la integración económica y las alternativas al neoliberalismo. 
649 |a XX 
650 |a Latinoamérica -  |x Condiciones Económicas 
650 |a Apertura Comercial e Integración Económica 
650 |a Neoliberalismo 
650 |a Política Económica 
650 |a Nuevo Orden Económico Internacional 
650 |a Desarrollo Económico-Social 
650 |a Economía 
650 |a Guerra Fría 
700 |a Estay Reyno, Jaime  |e (autor) 
700 |a Saxe-Fernández, John  |e (autor) 
910 |a Fondo General 
920 |a Impresos - Libros 
930 |a Colección General 
905 |a 101 
901 |a 0500013383  |b IT1  |c ACC  |u 20250521 
901 |a 0500018528  |b IT1  |c ACC  |u 20250521 
902 |a https://opac.biblio.iteso.mx/vufind/Record/000051827